000 00200 a2200097 4500
001 2591
100 _aMontgomery,
245 _aThe path to leadership,
260 _a
_bCollins
_c
090 _c1888
_d1888
942 _aNUST-CAE
_cM
_c9868
999 _c237664
_d237664